Machine Learning: A Probabilistic Perspective

Guardat en:
Dades bibliogràfiques
Autor principal: Kevin Murphy
Format: Llibre
Publicat: MIT
Matèries:
Etiquetes: Afegir etiqueta
Sense etiquetes, Sigues el primer a etiquetar aquest registre!

MARC

LEADER 00000nam a2200000Ia 4500
005 20260427112711.0
526 |b Data Science 
100 |a Kevin Murphy 
020 |a 9780262018029 
650 |a Machine Learning 
526 |a Bachelors 
942 |c BK 
245 |a Machine Learning: A Probabilistic Perspective 
260 |b MIT 
999 |c 82  |d 82 
952 |0 0  |1 0  |4 0  |7 0  |8 2  |a BRISTOL  |b BRISTOL  |d 2026-04-22  |l 0  |p 000048  |r 2026-04-27 11:27:11  |w 2026-04-27  |y BK